LEADER 01004nam0-22003371i-450- 001 990003769400403321 005 20071109091646.0 035 $a000376940 035 $aFED01000376940 035 $a(Aleph)000376940FED01 035 $a000376940 100 $a20030910d1982----km-y0itay50------ba 101 0 $aita 105 $ay-------001yy 200 1 $aNomadi del Medio Oriente$euna analisi dell'organizzazione sociale$fUgo Fabietti. 210 $aTorino$cLoescher$dc1982 215 $a242 p.$cill.$d19 cm 225 1 $aLoescher università$iMonografie 610 0 $aMedio Oriente$aNomadi$aStudi antropologici 610 0 $aNomadi$aMedio Oriente$aOrganizzazione sociale 676 $a306.08956 676 $a306.0956 676 $a306.095 700 1$aFabietti,$bUgo$f<1950- >$0130292 801 0$aIT$bUNINA$gRICA$2UNIMARC 901 $aBK 912 $a990003769400403321 952 $a306.095 FAB 2$b4573$fBFS 959 $aBFS 996 $aNOMADI DEL MEDIO ORIENTE$9451805 997 $aUNINA LEADER 01409nam0 22003491i 450 001 UON00271221 005 20231205103755.364 010 $a90-420-1972-7 100 $a20051220d2004 |0itac50 ba 101 $aeng$aFRE 102 $aNL 105 $a||||0 ||||| 200 1 $aAfter Beckett$dD'après Beckett$fedited by Anthony Uhlmann, Sjef Houppermans, Bruno Clément 205 $aAmsterdam$gNew York : Rodopi 210 $a624 p.$cill. ; 23 cm 215 $aContiene saggi presentati alla conferenza: After Beckett 410 1$1001UON00272585$12001 $aSamuel Beckett Today/Aujourd'hui$1210 $aAmsterdam$aNew York$cRodopi$v14 510 1$3UON00375186$aD'après Beckett 606 $aBECKETT SAMUEL$3UONC038345$2FI 620 $aUS$dNew York$3UONL000050 620 $aNL$dAmsterdam$3UONL001817 676 $a848.914$cLetteratura francese. Scritti miscellanei, 1945-1999$v21 702 1$aCLEMENT$bBruno$3UONV157910 702 1$aHOUPPERMANS$bSjef$3UONV157909 702 1$aUHLMANN$bAnthony$3UONV137442 712 $aRodopi$3UONV253894$4650 801 $aIT$bSOL$c20240220$gRICA 899 $aSIBA - SISTEMA BIBLIOTECARIO DI ATENEO$2UONSI 912 $aUON00271221 950 $aSIBA - SISTEMA BIBLIOTECARIO DI ATENEO$dSI Angl VI B BEC UHL $eSI LO 69464 5 996 $aAfter Beckett$91239236 997 $aUNIOR